Neighbours urged to make peace over hedges (Record no. 71670)

MARC details
000 -LEADER
fixed length control field 00787cam a2200181 4500
001 - CONTROL NUMBER
control field WB3844-06
008 - FIXED-LENGTH DATA ELEMENTS--GENERAL INFORMATION
fixed length control field 021128n2002 000 0 eng u
035 ## - SYSTEM CONTROL NUMBER
System control number (Sirsi) u120615
245 ## - TITLE STATEMENT
Title Neighbours urged to make peace over hedges
260 ## - PUBLICATION, DISTRIBUTION, ETC.
Date of publication, distribution, etc. 2002
490 ## - SERIES STATEMENT
Series statement ODPM News Release
Volume/sequential designation (137) 28 November 2002, (2)
520 ## - SUMMARY, ETC.
Summary, etc. Regeneration minister has launched new leaflet to encourage neighbours to try to settle high hedge disputes amicably. "Over the garden hedge" aims to advise people on stages involved to avoid conflict. Copies of leaflet from t +44 (0)870 1226236 or www.urban.odpm.gov.uk/greenspace/trees/overgh/index.htm www.odpm.gov.uk/news/0211/0137.htm
590 ## - LOCAL NOTE (RLIN)
Local note WB
650 ## - SUBJECT ADDED ENTRY--TOPICAL TERM
Topical term or geographic name entry element HEDGES
650 ## - SUBJECT ADDED ENTRY--TOPICAL TERM
Topical term or geographic name entry element GARDENS
690 ## - LOCAL SUBJECT ADDED ENTRY--TOPICAL TERM (OCLC, RLIN)
Topical term or geographic name as entry element Dispute resolution
9 (RLIN) 6236
942 ## - ADDED ENTRY ELEMENTS (KOHA)
Suppress in OPAC 0
Holdings
Withdrawn status Lost status Source of classification or shelving scheme Damaged status Not for loan Home library Current library Shelving location Date acquired Total Checkouts Full call number Barcode Date last seen Copy number Price effective from Koha item type
    Dewey Decimal Classification     London London News article 28/11/2002   WB3844-06 120615-1001 06/08/2019 1 06/08/2019 News article